Statistics for Famous Singers

Click here to take the quiz!

General Stats

  • This quiz has been taken 97 times
  • The average score is 3 of 5

Answer Stats

QuestionAnswer% Correct
Scottish singer who's song 'Before you go' was in the top 10 for 6 weeks in 2019?Lewis Capaldi
90%
Male singer who released his single 'Golden' in 2019?Harry Styles
76%
Lead singer of Foo Fighters?Dave Grohl
59%
Which female singer was born on 28th March 1986?Lady Gaga
52%
Who has a net worth of over 120 million pounds?Ed Sheeran
44%

Score Distribution

Percentile by Number Answered

Percent of People with Each Score

Your Score History

You have not taken this quiz